A vese elsőrendű kanyarulatos csatornájának regeneratiója patkányon elektronmikroszkópos vizsgálatok /

Elmentve itt :
Bibliográfiai részletek
Szerzők: Ormos Jenő
Elemér Gabriella
Csapó Zsolt
Dokumentumtípus: Cikk
Megjelent: 1973
Sorozat:Kolligátum
Kulcsszavak:Elektronmikroszkópia - anyagvizsgálat, Vese - élettan, Kísérleti állatok
Online Access:http://misc.bibl.u-szeged.hu/27073
LEADER 00738nab a2200193 i 4500
001 misc27073
005 20191108145927.0
008 170926s1973 hu o 0|| zxx d
040 |a SZTE Miscellanea Repozitórium  |b hun 
041 |a zxx 
100 1 |a Ormos Jenő 
245 1 2 |a A vese elsőrendű kanyarulatos csatornájának regeneratiója patkányon   |h [elektronikus dokumentum] :  |b elektronmikroszkópos vizsgálatok /  |c  Ormos Jenő 
260 |c 1973 
300 |a 160-170 
490 0 |a Kolligátum 
695 |a Elektronmikroszkópia - anyagvizsgálat, Vese - élettan, Kísérleti állatok 
700 0 1 |a Elemér Gabriella  |e aut 
700 0 1 |a Csapó Zsolt  |e aut 
856 4 0 |u http://misc.bibl.u-szeged.hu/27073/1/019_025_160-170.pdf  |z Dokumentum-elérés